000 00730nam a2200265Ia 4500
005 20250425162503.0
008 250425s9999 xx 000 0 und d
020 _a9789588378503
041 _aspa
043 _ack
082 _a343.04
100 _aREGUEROS DE LADRON GUEVARA, SOFIA DE
245 0 _aASPECTOS TRIBUTARIOS DEL CONTRATO DE SEGUROS: COMENTARIOS Y NORMATIVIDAD COLOMBIANA
250 _a1A ED.
260 _aBOGOTA
260 _aColombia
_bUNIVERSIDAD DEL ROSARIO
_c2008
300 _a304
500 _aColeccion de textos de Jurisprudencia
650 _aDERECHO TRIBUTARIO
650 _aIMPUESTOS
650 _aLEGISLACION
710 _aUNIVERSIDAD DEL ROSARIO
942 _c01
010 _a77369
999 _c230235
_d230235